000 00875nam a2200277 a 4500
008
020 _a9781138925854 (paperback)
040 _aNUST
_cNUST
049 _aMAIN
090 _aT386.A97
_bPAL
100 1 _aPalm, Bernd S.,
_aauthor.
245 1 0 _aIntroduction to AutoCAD 2016 :
_b2D and 3D design/
_c Bernd S Palm & Alf Yarwood.
260 _aAbingdon, Oxon :
_bRoutledge,
_c2015.
300 _ax, 422 pages :
_billustrations (chiefly colour) ;
_c25 cm.
336 _atext
_btxt
_2rdacontent
337 _aunmediated
_bn
_2rdamedia
338 _avolume
_bnc
_2rdacarrier
500 _aIncludes index.
650 1 _aAutoCAD.
650 _aComputer-aided design.
700 _aYarwood, Alf.,
_aauthor.
907 _a.b10405732
_b21-06-21
_c21-06-21
003
005 20230123141206.0
942 _cBOOKS
_kT386.A97
_mPAL
999 _c169262
_d169262